South Eastern Kenya University

Library Online Public Access Catalogue


Calculus of a single variable / (Record no. 11703)

MARC details
000 -LEADER
fixed length control field 00622cam a2200181 a 4500
020 ## - INTERNATIONAL STANDARD BOOK NUMBER
International Standard Book Number 0669352500
050 00 - LIBRARY OF CONGRESS CALL NUMBER
Classification number QA303
Item number .L328 1994
100 1# - MAIN ENTRY--PERSONAL NAME
Personal name Larson, Ron,
Dates associated with a name 1941-
245 10 - TITLE STATEMENT
Title Calculus of a single variable /
Statement of responsibility, etc. Roland E. Larson, Robert P. Hostetler, Bruce H. Edwards ; with the assistance of David E. Heyd.
250 ## - EDITION STATEMENT
Edition statement 5th ed.
260 ## - PUBLICATION, DISTRIBUTION, ETC. (IMPRINT)
Place of publication, distribution, etc. Lexington, Mass. :
Name of publisher, distributor, etc. D.C. Heath,
Date of publication, distribution, etc. c1994.
300 ## - PHYSICAL DESCRIPTION
Extent xxxvii, 713, 103 p. :
500 ## - GENERAL NOTE
General note Includes index.
700 1# - ADDED ENTRY--PERSONAL NAME
Personal name Hostetler, Robert P.
700 1# - ADDED ENTRY--PERSONAL NAME
Personal name Edwards, Bruce H.,
856 42 - ELECTRONIC LOCATION AND ACCESS
Uniform Resource Identifier <a href="http://www.loc.gov/catdir/enhancements/fy1512/94139381-b.html">http://www.loc.gov/catdir/enhancements/fy1512/94139381-b.html</a>
942 ## - ADDED ENTRY ELEMENTS (KOHA)
Source of classification or shelving scheme Library of Congress Classification
Koha item type General circulation
Holdings
Withdrawn status Lost status Source of classification or shelving scheme Damaged status Not for loan Home library Current library Shelving location Date acquired Total Checkouts Full call number Barcode Date last seen Price effective from Koha item type
    Library of Congress Classification     Kitui Town Campus Library Kitui Town Campus Library General Stacks 01/03/2016   QA303 .L328 1994 2016/0143207 01/03/2016 01/03/2016 General circulation
    Library of Congress Classification     Kitui Town Campus Library Kitui Town Campus Library General Stacks 08/03/2016   QA303 .L328 2010 2016/013155 08/03/2016 08/03/2016 General circulation
Kitui, Kenya.
+254736116989
library@seku.ac.ke